000 00531nam a2200181Ia 4500
008 090124s9999 xx 000 0 und d
082 _b128663
100 _aकणेकर शिरिष मधुकर
245 _a चापलुसकी
250 _a1
260 _c1998
300 _a197
600 _aकणेकर शिरिष मधुकर
630 _a चापलुसकी
700 _aकणेकर शिरिष मधुकर
730 _a चापलुसकी
942 _cBOOK
999 _c174752
_d174752